LDR 00752naa#a2200181#i#450# 001 EN\\bibl\123386 005 20260706010426.1 011 ## _a1994-4683 100 ## _a20230731b2023####ek#y0engy0150####ca 102 ## _aRU 200 1# _aORGANIZATION OF HEALTH AND RECOVERY EVENTS TO IMPROVE THE QUALITY OF LIFE OF YOUTH AND THE EFFICIENCY OF THEIR LEARNING _eJournal article 210 1# _aMoscow _cNational State University of Physical Education, Sports and Health named after P.F. Lesgaft _d2023 215 ## _a4 с. 608 ## _aJournal article _2local 675 ## _aФизическое воспитание. Ритмическая гимнастика. Эуритмия. 37.037.1 _z 700 #1 _aIvanova _gN G 700 #1 _aLeybovskiy _gA YU 856 4# _auchzapiski.lesgaft.spb.ru _u